=LDR 00000nam 2200000 4500 =001 000316 =005 20250710021358 =035 ##$$a 0010-0725000169 =007 ta =008 250710################a##########0#ind## =020 ##$$a 978-623-307-483-4 =082 ##$$a 398.209 598 =084 ##$$a 398.209 598 BES r =100 #$$a Besant, Annie =245 1#$$a Rocky! si Kambing /$c Annie besant =250 ##$$a cetakan pertama =260 ##$$a Jakarta Timur :$b Badan Pengembangan dan pembinaan bahasa,$c 2022 =300 ##$$a 15 hlm. : $b ilus. ; $c 29 cm$e 398.209 598 =650 #4$$a Literasi Bahan bacaan =856 ##$$a TBM As Suhada =990 ##$$a TBM00160016